[Event "CZE-chT2F 1617"]
[Site "Czech Republic"]
[Date "2017.02.26"]
[Round "9.8"]
[White "Langner, Jakub"]
[Black "Hastik, Svatopluk"]
[Result "0-1"]
[WhiteElo "2009"]
[BlackElo "2024"]
[PlyCount "80"]
[EventDate "2016.10.09"]
[EventType "team-tourn"]
[EventRounds "11"]
[EventCountry "CZE"]
[SourceTitle "EXT 2022"]
[Source "ChessBase"]
[SourceDate "2021.10.06"]
[SourceVersion "1"]
[SourceVersionDate "2021.10.06"]
[SourceQuality "1"]
[WhiteTeam "Cesky Tesin"]
[BlackTeam "Velke Losiny"]
[WhiteTeamCountry "CZE"]
[BlackTeamCountry "CZE"]

1. e4 g6 2. d4 Bg7 3. Nc3 d6 4. Bc4 Nf6 5. Be3 0-0 6. h3 Nxe4 7. Nxe4 d5 8. Bd3 dxe4 9. Bxe4 f5 10. Bd3 f4 11. Bc4+ Kh8 12. Bc1 Qxd4 13. Qxd4 Bxd4 14. Nf3 Bf6 15. Bxf4 Bxb2 16. Be5+ Bxe5 17. Nxe5 Nd7 18. Nf7+ Kg7 19. Ng5 Nb6 20. Bb3 Rf5 21. Nf3 c5 22. c3 Bd7 23. 0-0-0 Bc6 24. Rhe1 Re8 25. Re3 Bxf3 26. gxf3 e5 27. a4 Re7 28. a5 Nd7 29. Rd6 Rf6 30. Rd5 Rf4 31. Red3 Nf6 32. Rxc5 e4 33. Rd4 Rxf3 34. Rd2 e3 35. Re2 Rxf2 36. Kd1 Ne4 37. Rc8 Ng3 38. Re1 Rd7+ 39. Kc1 e2 40. Rg8+ Kh6 0-1

[Event "CZE-chT2F 1617"]
[Site "Czech Republic"]
[Date "2017.02.12"]
[Round "8.7"]
[White "Langner, Jakub"]
[Black "Lanc, Rudolf"]
[Result "1/2-1/2"]
[WhiteElo "2009"]
[BlackElo "2001"]
[PlyCount "69"]
[EventDate "2016.10.09"]
[EventType "team-tourn"]
[EventRounds "11"]
[EventCountry "CZE"]
[SourceTitle "EXT 2022"]
[Source "ChessBase"]
[SourceDate "2021.10.06"]
[SourceVersion "1"]
[SourceVersionDate "2021.10.06"]
[SourceQuality "1"]
[WhiteTeam "Cesky Tesin"]
[BlackTeam "Vrbno pod Pradedem"]
[WhiteTeamCountry "CZE"]
[BlackTeamCountry "CZE"]

1. e4 e5 2. Bc4 Bc5 3. Nf3 Nc6 4. d3 Nf6 5. c3 d6 6. b4 Bb6 7. a4 a6 8. 0-0 h6 9. Nbd2 Be6 10. Re1 0-0 11. Qb3 Qe7 12. a5 Ba7 13. b5 axb5 14. Qxb5 Nd8 15. d4 c6 16. Qb3 Bxc4 17. Nxc4 exd4 18. cxd4 Ne6 19. Ba3 c5 20. e5 dxe5 21. Rxe5 Ng4 22. Re4 Nf6 23. Re5 Ng4 24. Ree1 Qc7 25. Nce5 Nxe5 26. dxe5 Bb8 27. Bb2 Rxa5 28. Rxa5 Qxa5 29. Qxb7 Ng5 30. Ra1 Nxf3+ 31. Qxf3 Qd2 32. Bc3 Qc2 33. g3 Rd8 34. Ra8 Bc7 35. Rxd8+ 1/2-1/2

[Event "CZE-chT2F 1213"]
[Site "Czech Republic"]
[Date "2012.12.16"]
[Round "5.57"]
[White "Langner, Jakub"]
[Black "Vlachopulos, Georgis"]
[Result "0-1"]
[WhiteElo "1965"]
[BlackElo "1981"]
[PlyCount "118"]
[EventDate "2012.10.14"]
[EventType "team-tourn"]
[EventRounds "11"]
[EventCountry "CZE"]
[SourceTitle "EXT 2016"]
[Source "ChessBase"]
[SourceDate "2015.10.08"]
[SourceVersion "1"]
[SourceVersionDate "2015.10.08"]
[SourceQuality "1"]
[WhiteTeam "Havirov Slovan"]
[BlackTeam "Albrechtice"]
[WhiteTeamCountry "CZE"]
[BlackTeamCountry "CZE"]

1. e4 e5 2. Bc4 Nf6 3. d3 d5 4. exd5 Nxd5 5. Nf3 Bg4 6. h3 Bxf3 7. Qxf3 c6 8. 0-0 Be7 9. Nc3 Nf6 10. Qg3 0-0 11. Qxe5 Nbd7 12. Qg3 Qa5 13. Bd2 Bd8 14. d4 Bc7 15. Qh4 Qb4 16. Bd3 Qd6 17. g3 Bb6 18. Ne2 Rfe8 19. c4 Nf8 20. Qf4 Qd8 21. Bc3 Ng6 22. Qf3 Bc7 23. Rad1 Qd6 24. Rfe1 Rad8 25. c5 Qe6 26. Nf4 Qxa2 27. Nxg6 hxg6 28. Kh2 Qd5 29. Kg2 a6 30. Bc2 Kf8 31. b4 Re7 32. Rxe7 Kxe7 33. Re1+ Kf8 34. Be4 Nxe4 35. Rxe4 f6 36. Re3 Kf7 37. Qe4 f5 38. Qxd5+ Rxd5 39. f4 Bd8 40. h4 Bf6 41. Rd3 Rd8 42. Kf3 Ke6 43. g4 fxg4+ 44. Kxg4 Kd5 45. h5 gxh5+ 46. Kf5 Rf8 47. Kg6 Ke4 48. Rh3 h4 49. f5 Rh8 50. d5 Rh6+ 51. Kf7 cxd5 52. Bxf6 gxf6 53. Kg7 Rh5 54. Kxf6 Rxf5+ 55. Ke6 Rf4 56. Kd6 d4 57. Kc7 Rf7+ 58. Kb6 Rh7 59. c6 bxc6 0-1

[Event "CZE-chT2F 1112"]
[Site "Czech Republic"]
[Date "2012.04.22"]
[Round "11.64"]
[White "Kolar, Stanislav"]
[Black "Langner, Jakub"]
[Result "1-0"]
[WhiteElo "2050"]
[BlackElo "1984"]
[PlyCount "117"]
[EventDate "2011.10.09"]
[EventType "team-tourn"]
[EventRounds "11"]
[EventCountry "CZE"]
[SourceTitle "EXT 2013"]
[Source "ChessBase"]
[SourceDate "2012.11.22"]
[SourceVersion "1"]
[SourceVersionDate "2012.11.22"]
[SourceQuality "1"]
[WhiteTeam "Havirov"]
[BlackTeam "Havirov Slovan"]
[WhiteTeamCountry "CZE"]
[BlackTeamCountry "CZE"]

1. e4 c5 2. Nf3 Nc6 3. Nc3 d6 4. Bb5 Bd7 5. d4 cxd4 6. Nxd4 Nf6 7. 0-0 e6 8. Re1 Be7 9. a4 0-0 10. h3 Rc8 11. Be3 Na5 12. Qe2 a6 13. Bd3 e5 14. Nb3 Be6 15. Nxa5 Qxa5 16. f3 Rfd8 17. g4 d5 18. exd5 Nxd5 19. Nxd5 Bxd5 20. Kg2 Qb4 21. c3 Qd6 22. Red1 Qc6 23. Bf2 Bg5 24. Bg3 Re8 25. Be4 Rcd8 26. Rxd5 Rxd5 27. c4 Rd2 28. Qxd2 Bxd2 29. Bxc6 bxc6 30. Rd1 Bb4 31. Rd7 h6 32. Rc7 c5 33. Bf2 e4 34. Be3 exf3+ 35. Kxf3 Re5 36. Bf4 Re6 37. Rd7 Re1 38. b3 Rf1+ 39. Ke4 Bc3 40. Rd3 Bd4 41. Bd6 h5 42. b4 hxg4 43. hxg4 Ra1 44. bxc5 Bf2 45. c6 Rxa4 46. Rc3 Bb6 47. c7 Bxc7 48. Bxc7 a5 49. Kd5 Ra1 50. Bd6 a4 51. Rg3 Kh7 52. Ra3 Rg1 53. Bg3 g6 54. c5 f5 55. gxf5 gxf5 56. c6 Rc1 57. c7 Kg6 58. Rxa4 Kg5 59. Bf4+ 1-0

[Event "CZE-chTE U20 1112"]
[Site "Czech Republic"]
[Date "2012.04.14"]
[Round "5.2"]
[White "Langner, Jakub"]
[Black "Seidl, Stepan"]
[Result "0-1"]
[WhiteElo "1984"]
[BlackElo "2144"]
[PlyCount "61"]
[EventDate "2011.10.15"]
[EventType "team-tourn"]
[EventRounds "7"]
[EventCountry "CZE"]
[SourceTitle "CBM 148 Extra"]
[Source "ChessBase"]
[SourceDate "2012.06.22"]
[SourceVersion "1"]
[SourceVersionDate "2012.06.22"]
[SourceQuality "1"]
[WhiteTeam "Havirov"]
[BlackTeam "Polabiny"]
[WhiteTeamCountry "CZE"]
[BlackTeamCountry "CZE"]

1. e4 g6 2. d4 Bg7 3. Nf3 c5 4. c4 cxd4 5. Nxd4 Qb6 6. Nb3 Nc6 7. Nc3 Nf6 8. Be3 Qd8 9. Be2 d6 10. 0-0 0-0 11. Qd2 a5 12. Rfd1 Bd7 13. Bh6 a4 14. Bxg7 Kxg7 15. Nd4 Qb6 16. Nd5 Qxd4 17. Qxd4 Nxd4 18. Rxd4 Bc6 19. Nxe7 Bxe4 20. f3 Rfe8 21. fxe4 Rxe7 22. Bf3 Ra6 23. Rad1 Re6 24. Kf2 g5 25. g4 Rb6 26. R1d2 Nd7 27. Rd5 h6 28. Rb5 Rxb5 29. cxb5 Ne5 30. Rd4 Rf6 31. Rd2 0-1

[Event "CZE-chTE U20 1112"]
[Site "Czech Republic"]
[Date "2012.04.14"]
[Round "6.2"]
[White "Slampa, Jan"]
[Black "Langner, Jakub"]
[Result "1/2-1/2"]
[WhiteElo "1955"]
[BlackElo "1984"]
[PlyCount "96"]
[EventDate "2011.10.15"]
[EventType "team-tourn"]
[EventRounds "7"]
[EventCountry "CZE"]
[SourceTitle "CBM 148 Extra"]
[Source "ChessBase"]
[SourceDate "2012.06.22"]
[SourceVersion "1"]
[SourceVersionDate "2012.06.22"]
[SourceQuality "1"]
[WhiteTeam "Udlice"]
[BlackTeam "Havirov"]
[WhiteTeamCountry "CZE"]
[BlackTeamCountry "CZE"]

1. e4 c5 2. c3 e6 3. d4 d5 4. exd5 exd5 5. Nf3 c4 6. Be2 Nf6 7. 0-0 Bd6 8. Bg5 0-0 9. Qc2 Re8 10. Re1 Bg4 11. Nbd2 Nbd7 12. b3 b5 13. b4 Qc7 14. Bxf6 Nxf6 15. Nf1 Re7 16. g3 Bh5 17. Nh4 Rae8 18. Ne3 Bxe2 19. Rxe2 g6 20. Rae1 Re6 21. f4 Bf8 22. Nf3 Qd6 23. Ne5 R6e7 24. f5 Bh6 25. N3g4 Nxg4 26. Nxg4 Bg7 27. Rxe7 Rxe7 28. Rf1 Re4 29. Nf2 Re3 30. Nh3 Bh6 31. Nf4 Bxf4 32. Rxf4 Qe7 33. Rf2 Re1+ 34. Kg2 Qe3 35. Qb2 Qe4+ 36. Kh3 Rg1 37. Rf4 Qe7 38. Qf2 Re1 39. Qf3 Qd6 40. Qg4 Re8 41. Qg5 Qe7 42. f6 Qe6+ 43. Kh4 Qe2 44. h3 Re4 45. Qxd5 Rxf4+ 46. gxf4 Qf2+ 47. Kg4 Qg1+ 48. Kh4 Qf2+ 1/2-1/2

[Event "CZE-chTE U20 1112"]
[Site "Czech Republic"]
[Date "2011.10.16"]
[Round "4.2"]
[White "Langner, Jakub"]
[Black "Navratil, Jiri2222"]
[Result "0-1"]
[WhiteElo "1984"]
[BlackElo "2047"]
[PlyCount "44"]
[EventDate "2011.10.15"]
[EventType "team-tourn"]
[EventRounds "7"]
[EventCountry "CZE"]
[SourceTitle "EXT 2013"]
[Source "ChessBase"]
[SourceDate "2012.11.22"]
[SourceVersion "1"]
[SourceVersionDate "2012.11.22"]
[SourceQuality "1"]
[WhiteTeam "Havirov"]
[BlackTeam "Brno Lokomotiva"]
[WhiteTeamCountry "CZE"]
[BlackTeamCountry "CZE"]

1. e4 c5 2. d4 cxd4 3. c3 d5 4. exd5 Qxd5 5. cxd4 Nc6 6. Be3 e5 7. Nc3 Bb4 8. Qd2 Bxc3 9. bxc3 exd4 10. cxd4 Nf6 11. f3 0-0 12. Bd3 Re8 13. Ne2 Bf5 14. 0-0 Bxd3 15. Qxd3 Qe6 16. Kf2 Nb4 17. Qd2 Nc2 18. Qxc2 Qxe3+ 19. Ke1 Nd5 20. Qd2 Nf4 21. Qxe3 Rxe3 22. Rf2 Rae8 0-1

[Event "CZE-chT U20 final-A 1011"]
[Site "Czech Republic"]
[Date "2011.04.16"]
[Round "10.1"]
[White "Braun, Marek"]
[Black "Langner, Jakub"]
[Result "0-1"]
[WhiteElo "2153"]
[BlackElo "1952"]
[PlyCount "42"]
[EventDate "2010.10.02"]
[EventType "team-tourn"]
[EventRounds "11"]
[EventCountry "CZE"]
[SourceTitle "EXT 2012"]
[Source "ChessBase"]
[SourceDate "2011.11.24"]
[SourceVersion "1"]
[SourceVersionDate "2011.11.24"]
[SourceQuality "1"]
[WhiteTeam "Liberec (U20)"]
[BlackTeam "Havirov (U20)"]
[WhiteTeamCountry "CZE"]
[BlackTeamCountry "CZE"]

1. e4 c5 2. Nf3 Nc6 3. b3 e6 4. Bb2 d5 5. exd5 exd5 6. Be2 Nf6 7. 0-0 d4 8. Bb5 Be7 9. Ne5 Qc7 10. Re1 Be6 11. c3 Rd8 12. cxd4 cxd4 13. Qc2 0-0 14. Bxc6 bxc6 15. Nxc6 Bd6 16. Nxd4 Bxh2+ 17. Kh1 Qf4 18. Nf3 Ng4 19. d4 Bd5 20. Qe2 Rde8 21. Qd2 Qxf3 0-1

[Event "CZE-chT U20 final-A 1011"]
[Site "Czech Republic"]
[Date "2011.04.15"]
[Round "8.1"]
[White "Balacek, Tadeas"]
[Black "Langner, Jakub"]
[Result "0-1"]
[WhiteElo "2157"]
[BlackElo "1952"]
[PlyCount "102"]
[EventDate "2010.10.02"]
[EventType "team-tourn"]
[EventRounds "11"]
[EventCountry "CZE"]
[SourceTitle "EXT 2012"]
[Source "ChessBase"]
[SourceDate "2011.11.24"]
[SourceVersion "1"]
[SourceVersionDate "2011.11.24"]
[SourceQuality "1"]
[WhiteTeam "Vlasim (U20)"]
[BlackTeam "Havirov (U20)"]
[WhiteTeamCountry "CZE"]
[BlackTeamCountry "CZE"]

1. Nf3 Nf6 2. c4 g6 3. Nc3 d5 4. Qa4+ c6 5. cxd5 Nxd5 6. Nxd5 Qxd5 7. e4 Qd8 8. d4 Bg7 9. Be3 0-0 10. Rd1 b5 11. Qc2 Qa5+ 12. Qd2 Qxa2 13. Be2 Nd7 14. 0-0 Nf6 15. Ng5 Qa6 16. f3 Rd8 17. Qb4 h6 18. Nh3 Bxh3 19. gxh3 Qc8 20. Qxe7 Qxh3 21. Rd3 Rd7 22. Qc5 Rc8 23. Rf2 Bf8 24. Qc3 Bg7 25. Qc1 Kh7 26. Bf1 Qh5 27. Rc3 b4 28. Rc5 Qh4 29. Rxc6 Rcd8 30. d5 Nh5 31. Bg2 g5 32. Bf1 Nf4 33. Rfc2 Be5 34. Qd2 Rg8 35. Kh1 Nh3 36. Qg2 Nf4 37. Qg3 Qh5 38. Qg4 Qxg4 39. fxg4 Rb8 40. b3 Ra8 41. Ra6 Kg7 42. Bb5 Rd6 43. Rxa7 Rxa7 44. Bxa7 Bc3 45. Bc5 Rd8 46. Be7 Ra8 47. Ba4 Ng6 48. Bd6 f6 49. Bc7 Kf7 50. Kg2 Ra7 51. d6 Ne5 0-1

[Event "CZE-chT U20 final-B 0910"]
[Site "Pavla Vlachovice"]
[Date "2010.04.23"]
[Round "8.2"]
[White "Palkova, Nikola"]
[Black "Langner, Jakub"]
[Result "0-1"]
[WhiteElo "1669"]
[BlackElo "1849"]
[PlyCount "46"]
[EventDate "2010.04.23"]
[EventType "team-tourn"]
[EventRounds "11"]
[EventCountry "CZE"]
[SourceTitle "EXT 2011"]
[Source "ChessBase"]
[SourceDate "2010.11.26"]
[SourceVersion "1"]
[SourceVersionDate "2010.11.26"]
[SourceQuality "1"]
[WhiteTeam "Plzen (U20)"]
[BlackTeam "Havirov (U20)"]
[WhiteTeamCountry "CZE"]
[BlackTeamCountry "CZE"]

1. d4 Nf6 2. Nf3 g6 3. Bf4 Bg7 4. e3 0-0 5. Nbd2 d5 6. c4 c5 7. dxc5 Qa5 8. Be2 Qxc5 9. Qb3 Nc6 10. 0-0 Re8 11. h3 e5 12. Bg3 e4 13. Ne1 d4 14. exd4 Nxd4 15. Qd1 e3 16. Nb3 Nxb3 17. Qxb3 Ne4 18. Nd3 Qe7 19. Qc2 exf2+ 20. Bxf2 Nxf2 21. Kxf2 Qe3+ 22. Ke1 Bf5 23. Kd1 Bxd3 0-1

[Event "CZE-chTE U20 0910"]
[Site "Czech Republic"]
[Date "2010.01.23"]
[Round "6.2"]
[White "Rabatin, Jakub"]
[Black "Langner, Jakub"]
[Result "1-0"]
[WhiteElo "2168"]
[BlackElo "1849"]
[PlyCount "85"]
[EventDate "2009.10.03"]
[EventType "team-tourn"]
[EventRounds "7"]
[EventCountry "CZE"]
[SourceTitle "EXT 2011"]
[Source "ChessBase"]
[SourceDate "2010.11.26"]
[SourceVersion "1"]
[SourceVersionDate "2010.11.26"]
[SourceQuality "1"]
[WhiteTeam "Frydek Mistek (U20)"]
[BlackTeam "Havirov (U20)"]
[WhiteTeamCountry "CZE"]
[BlackTeamCountry "CZE"]

1. e4 c5 2. Nf3 Nc6 3. d4 cxd4 4. Nxd4 Nf6 5. Nc3 d6 6. Bg5 e6 7. Qd2 Be7 8. 0-0-0 a6 9. f3 Qc7 10. Kb1 Ne5 11. f4 Ned7 12. Be2 b5 13. Bf3 Bb7 14. Qe3 Nb6 15. Bxf6 Bxf6 16. Ndxb5 axb5 17. Nxb5 Qc6 18. Nxd6+ Kf8 19. e5 Nd5 20. Bxd5 exd5 21. Nxb7 Be7 22. Nd6 Bxd6 23. exd6 Qxd6 24. Rhe1 g6 25. Qd4 Kg8 26. Re5 Qa6 27. Qxd5 Kg7 28. Re7 Rhf8 29. a3 Rad8 30. Qe5+ Kg8 31. Rxd8 Rxd8 32. Re8+ Rxe8 33. Qxe8+ Kg7 34. Qe4 Qf1+ 35. Ka2 f5 36. Qd4+ Kh6 37. Qd2 Kh5 38. b3 h6 39. c4 g5 40. c5 Qb5 41. Qc2 Qc6 42. a4 Kg6 43. g4 1-0

[Event "CZE-ch U14"]
[Site "Kouty nad Desnou"]
[Date "2009.03.13"]
[Round "8"]
[White "Langner, Jakub"]
[Black "Karlik, Ondrej"]
[Result "1-0"]
[WhiteElo "1828"]
[BlackElo "2006"]
[PlyCount "135"]
[EventDate "2009.03.07"]
[EventType "swiss"]
[EventRounds "9"]
[EventCountry "CZE"]
[SourceTitle "EXT 2011"]
[Source "ChessBase"]
[SourceDate "2010.11.26"]
[SourceVersion "1"]
[SourceVersionDate "2010.11.26"]
[SourceQuality "1"]

1. e4 c6 2. d4 d5 3. exd5 Qxd5 4. Nc3 Qa5 5. Bc4 Nf6 6. Bd2 Qc7 7. Qe2 Bg4 8. f3 Bf5 9. Bb3 Nbd7 10. g4 Bg6 11. f4 h5 12. f5 Bh7 13. g5 Nd5 14. Bxd5 cxd5 15. Nb5 Qb6 16. Bf4 0-0-0 17. Bc7 Qa6 18. Bxd8 Kxd8 19. Nc3 Qxe2+ 20. Ngxe2 Bxf5 21. Rf1 e6 22. Nxd5 Bd6 23. Ne3 Bxh2 24. Nxf5 exf5 25. Rxf5 Ke7 26. Kd2 g6 27. Rf2 Bd6 28. Raf1 f5 29. gxf6+ Kf7 30. Nf4 g5 31. Nh3 g4 32. Ng5+ Kg6 33. Ne4 Bf8 34. f7 h4 35. Rg2 g3 36. Ke2 Bg7 37. c3 Nf6 38. Nxf6 Bxf6 39. Kf3 Kxf7 40. Kg4 Kg6 41. Re2 Kg7 42. Re6 g2 43. Rd1 h3 44. Kg3 Bg5 45. Re4 Kf6 46. c4 Kf5 47. Re5+ Kf6 48. Re4 Kf5 49. Re5+ Kf6 50. Rxg5 Kxg5 51. d5 Kf6 52. Re1 Rh5 53. Kh2 Re5 54. Rd1 Ke7 55. Kxh3 Re2 56. Rg1 Rxb2 57. Rxg2 Rxg2 58. Kxg2 Kd6 59. a4 a6 60. a5 b6 61. axb6 a5 62. c5+ Kd7 63. c6+ Kd6 64. b7 Kc7 65. d6+ Kb8 66. d7 Kc7 67. b8Q+ Kxb8 68. d8Q+ 1-0

[Event "Morava-ch U14"]
[Site "Havirov"]
[Date "2008.10.28"]
[Round "8"]
[White "Langner, Jakub"]
[Black "Zezula, Rudolf"]
[Result "1/2-1/2"]
[WhiteElo "1824"]
[BlackElo "1886"]
[PlyCount "75"]
[EventDate "2008.10.25"]
[EventType "swiss"]
[EventRounds "9"]
[EventCountry "CZE"]
[SourceTitle "EXT 2009"]
[Source "ChessBase"]
[SourceDate "2008.11.26"]
[SourceVersion "1"]
[SourceVersionDate "2008.11.26"]
[SourceQuality "1"]

1. e4 c5 2. Nf3 d6 3. d4 cxd4 4. Nxd4 Nf6 5. Nc3 g6 6. f3 Bg7 7. Be3 a6 8. Qd2 Nbd7 9. 0-0-0 b5 10. g4 Bb7 11. Bh6 Bxh6 12. Qxh6 b4 13. Na4 Qa5 14. b3 Rc8 15. Kb1 Qc7 16. Bd3 e5 17. Ne2 Bc6 18. Nb2 Bb5 19. Qd2 0-0 20. Ng3 Nb6 21. a4 Bxd3 22. Qxd3 d5 23. g5 dxe4 24. fxe4 Rfd8 25. Qe2 Rxd1+ 26. Rxd1 Ne8 27. h4 Nd6 28. h5 Kh8 29. hxg6 fxg6 30. Rd2 Nb5 31. Qd3 Na3+ 32. Kc1 Qc5 33. Nf1 Qe7 34. Qe3 Rf8 35. Nh2 Qc7 36. Qe2 a5 37. Ng4 Qc5 38. Nf6 1/2-1/2

[Event "Morava-ch U14"]
[Site "Havirov"]
[Date "2008.10.25"]
[Round "2"]
[White "Langner, Jakub"]
[Black "Skalka"]
[Result "1-0"]
[WhiteElo "1824"]
[BlackElo "1611"]
[PlyCount "73"]
[EventDate "2008.10.25"]
[EventType "swiss"]
[EventRounds "9"]
[EventCountry "CZE"]
[SourceTitle "EXT 2009"]
[Source "ChessBase"]
[SourceDate "2008.11.26"]
[SourceVersion "1"]
[SourceVersionDate "2008.11.26"]
[SourceQuality "1"]

1. e4 c5 2. Nf3 Nc6 3. d4 cxd4 4. Nxd4 g6 5. c4 Bg7 6. Be3 Nf6 7. Nc3 0-0 8. Be2 e6 9. Ndb5 a6 10. Nd6 Ne8 11. 0-0 Nxd6 12. Qxd6 Qe7 13. Bc5 Qxd6 14. Bxd6 Re8 15. Na4 Be5 16. Rfd1 Bxd6 17. Rxd6 Rb8 18. Nb6 Re7 19. Rad1 Na5 20. b4 Nc6 21. a3 f5 22. exf5 exf5 23. Bf3 Ne5 24. c5 Ng4 25. Nxc8 Rxc8 26. Bxb7 Rc7 27. Bxa6 Ra7 28. a4 Ne5 29. Bb5 Kf8 30. f4 Nc6 31. Bxc6 dxc6 32. a5 Re4 33. Rb1 Rb7 34. a6 Ra7 35. Rxc6 Rxf4 36. b5 Re4 37. b6 1-0